000 00377pab a2200145 454500
008 180718b2001 xxu||||| |||| 00| 0 eng d
100 _aBanerjee, Sushanta K.
245 _aLonger life, power health? Need for better health planning tools.
260 _c2001
300 _ap.67-86
362 _aJuly-Aug
650 _aHealth services
773 _aEncounter
909 _a51161
999 _c51161
_d51161